[Event "GMA"]
[Site "Wijk aan Zee NED"]
[Date "2003.01.21"]
[Round "9"]
[White "Timman, J."]
[Black "Karpov, An"]
[Result "1/2-1/2"]
[WhiteElo "2594"]
[BlackElo "2688"]
[PlyCount "48"]
[EventDate "2003.01.11"]

1. e4 e5 2. Nf3 Nf6 3. Nxe5 d6 4. Nf3 Nxe4 5. d4 d5 6. Bd3 Be7 7. O-O Nc6 8. c4
Nb4 9. Be2 O-O 10. Nc3 Bf5 11. a3 Nxc3 12. bxc3 Nc6 13. Re1 Re8 14. cxd5 Qxd5
15. Bf4 Rac8 16. h3 Bf6 17. Nh2 Qa5 18. Bd2 Rcd8 19. Bf3 h6 20. Ng4 Bxg4 21.
hxg4 Bg5 22. Bxg5 hxg5 23. Rxe8+ Rxe8 24. Qd3 Nd8 1/2-1/2

[Event "GMA"]
[Site "Wijk aan Zee NED"]
[Date "2003.01.21"]
[Round "9"]
[White "Topalov, V."]
[Black "Ponomariov, R."]
[Result "1/2-1/2"]
[WhiteElo "2743"]
[BlackElo "2734"]
[PlyCount "115"]
[EventDate "2003.01.11"]

1. e4 e5 2. Nf3 Nc6 3. Bb5 Nf6 4. O-O Nxe4 5. d4 Nd6 6. Bxc6 dxc6 7. dxe5 Nf5
8. Qxd8+ Kxd8 9. Nc3 Be7 10. Rd1+ Ke8 11. g3 h6 12. b3 Be6 13. Bb2 Rd8 14. h3
g5 15. g4 Ng7 16. Ne4 Bd5 17. Nf6+ Bxf6 18. exf6 Ne6 19. Ne5 Nf4 20. Re1 Be6
21. Bc1 Nd5 22. Nd3 b6 23. c4 Nxf6 24. Nb4 c5 25. Bb2 cxb4 26. Bxf6 Rf8 27.
Bxd8 Kxd8 28. c5 Kd7 29. Rac1 Kc6 30. Re5 b5 31. Rd1 a5 32. Rd4 Ra8 33. f4 gxf4
34. Rxf4 a4 35. Rxb4 axb3 36. axb3 Ra3 37. h4 Bxb3 38. h5 Bc4 39. Kf2 Ra1 40.
Rb2 f6 41. Re7 f5 42. Rh7 fxg4 43. Rxh6+ Kxc5 44. Rg6 Rh1 45. Rg5+ Kb6 46. Kg3
c6 47. Rxg4 Bd3 48. Rh2 Rxh2 49. Kxh2 c5 50. Rg6+ Ka5 51. Rc6 c4 52. h6 Kb4 53.
Kg3 Kc3 54. Kf4 b4 55. Rc7 b3 56. h7 Bxh7 57. Rxh7 Kc2 58. Ke3 1/2-1/2